000 00371 a2200157 4500
001 167214
020 _a
040 _cMagnum
100 _aMartins, Mirian Celeste
240 1 0 _aDidatica do ensino de arte: a lingua do mundo:
_lpor
245 1 0 _aDidatica do ensino de arte: a lingua do mundo:
362 0 _a1899
440 1 _aFTD
697 _aENSINO
942 _cBK
999 _c167214
_d167214